Album - Man's Best Friend by Sabrina Carpenter - Statistics

General Stats
  • This quiz has been taken 16 times
  • The average score is 11 of 12
Answer Stats
Songs % Correct
11 House Tour
100%
1 Manchild
100%
2 Tears
100%
9 Go Go Juice
92%
12 Goodbye
92%
6 Nobody's Son
92%
10 Don't Worry I'll Make You Worry
83%
3 My Man on Willpower
83%
7 Never Getting Laid
83%
4 Sugar Talking
83%
5 We Almost Broke Up Again Last Night
83%
8 When Did You Get Hot ?
83%
No matching quizzes found
Score Distribution
Percent of People with Each Score
Percentile by Number Answered
Your Score History
You have not taken this quiz